COGNITIVE BEHAVIORAL INTERVENTIONS OF MENTAL HEALTH PRACTITIONERS (Record no. 10505)

MARC details
000 -LEADER
fixed length control field 00344nam a22001337a 4500
003 - CONTROL NUMBER IDENTIFIER
control field SGT
082 ## - DEWEY DECIMAL CLASSIFICATION NUMBER
Classification number 616.89
Item number C10G
100 ## - MAIN ENTRY--PERSONAL NAME
Personal name GRARD, ALEC
245 ## - TITLE STATEMENT
Title COGNITIVE BEHAVIORAL INTERVENTIONS OF MENTAL HEALTH PRACTITIONERS
260 ## - PUBLICATION, DISTRIBUTION, ETC. (IMPRINT)
Place of publication, distribution, etc LEARNING MATTERS
Name of publisher, distributor, etc LEARNING MATTERS
Year of Publication 2010
300 ## - PAGE DESCRIPTION
No. of Pages 122
650 ## - SUBJECT ADDED ENTRY--TOPICAL TERM
Topical term or geographic name as entry element PSYCHIATRY
942 ## - ADDED ENTRY ELEMENTS (KOHA)
Source of classification or shelving scheme Dewey Decimal Classification
Koha item type Books
Holdings
Withdrawn status Lost status Source of classification or shelving scheme Damaged status Not for loan Collection code Home library Current library Shelving location Date acquired Vendor Name SGTU Bill Number Total Checkouts Full call number Accession No. (Barcode) Date last seen Date last borrowed Bill Date Koha item type
    Dewey Decimal Classification   Not For Loan MEDICAL SGT Medical Library SGT Medical Library Reference Book 19/01/2017 ABC SGTU 6069 1 616.89 C10G FM7643 10/02/2018 03/02/2018 11/09/2015 Books